00509cam a2200169ua 45000010005000000080039000050200018000440400009000620820011000712450078000822500017001602600047001773000012002246530015002366530060002517000028003116598140328n ii |||gr||||Z||||||eng a81-7866-452-6 cMAIN a338.04 aSmalll scale industries and entreprenurial development cBy C.S.V. Murthy a2nd rev. ed. aMumbai:bHimalaya publishing house,c2003. ax,300p. aProduction aSmalll scale industries and entreprenurial development  aMurthy,C.S.V.,eAuthor.